000 00712nam a22001577a 4500
003 OSt
005 20160323152420.0
008 160323b xxu||||| |||| 00| 0 eng d
040 _cRUA
082 _aAGR LON 2007 B470 Or.1
100 _98162
_aLONG TITH; ឡុង ទិត្យ
245 _aEffect of plant spacing on cowpea yield at the royal university of agriculture condition; ឥទ្ធិពលចន្លោះគុម្ពលើទិន្នផលសណ្ដែកអង្គុយក្នុងលក្ខខណ្ធសាកលវិទ្យាល័យភូមិន្ទកសិកម្ម
260 _aPhnom Penh
_bRUA
_c2007
300 _ax;40p.
_bill.
_c29cm.
942 _2ddc
_cAGR
999 _c7772
_d7772